000 01227nam a2200253Ia 4500
999 _c53478
_d53478
001 20524
003 GE_BSU
005 20250718171117.0
008 181216s2017||||ge |||||||||||||| ||geo||
020 _a9789941245978
040 _cGE_BSU
041 _ageo
080 _a27-36 თ-54
245 _aႧვენი. [ტ.] 13, 1 მაისი - 10 მაისი (ახალი სტილით 14 მაისი - 23 მაისი) /
_cპროექტის ავტორი და რედაქტორი თამარ მამაცაშვილი ; შემდგენელი მანანა ტუაევა ; დიზაინერი რატი თორდია.
264 _aთბილისი :
_bპალიტრა L,
_c2017.
300 _a392 გვ. ;
_c22 სმ.
490 _aჟურნალ "კარიბჭის" ბიბლიოთეკა
541 _h6 ლ.
653 _aთვენი. 1 მაისი -10 მაისი. 13
653 _aრელიგია
653 _aმართლმადიდებლური ეკლესია
653 _aწმინდანთა ცხოვრება
942 _cBK
_2udc